Зоотехническая наука в условиях современных вызовов (Запись № 10787205)
[ простой вид ]
| 000 -МАРКЕР | |
|---|---|
| контрольное поле | 02832nam1a2200361 i 4500 |
| 001 - ИДЕНТИФИКАТОР ЗАПИСИ | |
| контрольное поле | RU\NLR\BIBL_A\010954922 |
| 005 - ИДЕНТИФИКАТОР ВЕРСИИ | |
| контрольное поле | 20260405200428.0 |
| 010 ## - МЕЖДУНАРОДНЫЙ СТАНДАРТНЫЙ НОМЕР КНИГИ (ISBN) | |
| Номер (ISBN) | 9785735201397 |
| Тираж | 100 |
| 021 ## - НОМЕР ГОСУДАРСТВЕННОЙ РЕГИСТРАЦИИ | |
| Код страны | Российская Федерация |
| Номер | 15-55508 |
| 035 ## - ДРУГИЕ СИСТЕМНЫЕ НОМЕРА | |
| Идентификатор записи | (NLR Aleph) 010954922 |
| 100 ## - ДАННЫЕ ОБЩЕЙ ОБРАБОТКИ | |
| Данные общей обработки | 20150901g20159999km y0rusy50 ca |
| 101 0# - ЯЗЫК РЕСУРСА | |
| Язык текста, звукозаписи и т.д. | русский |
| 102 ## - СТРАНА ПУБЛИКАЦИИ ИЛИ ПРОИЗВОДСТВА | |
| Страна публикации | Российская Федерация |
| 105 ## - ПОЛЕ КОДИРОВАННЫХ ДАННЫХ: ТЕКСТОВЫЕ МАТЕРИАЛЫ, МОНОГРАФИЧЕСКИЕ | |
| Кодированные данные о монографическом текстовом документе | y|||||||||||| |
| 200 1# - ЗАГЛАВИЕ И СВЕДЕНИЯ ОБ ОТВЕТСТВЕННОСТИ | |
| Основное заглавие | Зоотехническая наука в условиях современных вызовов |
| Сведения, относящиеся к заглавию | сборник статей научно-практической конференции с международным участием, посвященной 85-летию со дня рождения Льва Константиновича Эрнста и 85-летию подготовки зоотехников в Вятской государственной сельскохозяйственной академии, 14-15 мая 2015 г. |
| Первые сведения об ответственности | [редкол.: В. А. Сысуев и др.] |
| 210 ## - ПУБЛИКАЦИЯ, РАСПРОСТРАНЕНИЕ И ДР. | |
| Место издания, распространения и т.д. | Киров |
| Имя издателя, распространителя и т. д. | Вятская ГСХА |
| Дата издания, распространения и т.д. | 2015 |
| 215 ## - ФИЗИЧЕСКАЯ ХАРАКТЕРИСТИКА | |
| Размеры | 21 |
| 300 ## - ОБЩИЕ ПРИМЕЧАНИЯ | |
| Текст примечания | В надзаг.: М-во сельского хоз-ва Российской Федерации, Вятская гос. с.-х. акад., Федеральное агентство научных орг., Всероссийский науч.-исслед. ин-т животноводства им. акад. Л. К. Эрнста, Северо-Восточный региональный аграрный науч. центр, Зональный науч.-исслед. ин-т сельского хоз-ва Северо-Востока им. Н. В. Рудницкого |
| 309 ## - ПРИМЕЧАНИЯ ОБ ОСНОВНОМ ИСТОЧНИКЕ ИНФОРМАЦИИ И ОБ ОСОБЕННОСТЯХ ПОЛИГРАФИЧЕСКОГО ОФОРМЛЕНИЯ ИЗДАНИЯ | |
| Текст примечания | Нумерация книг [1, 2] в изданиях отсутствует. Нумерация присвоена на основе анализа пагинации в книгах |
| 320 ## - ПРИМЕЧАНИЯ О НАЛИЧИИ В ДОКУМЕНТЕ БИБЛИОГРАФИИ / УКАЗАТЕЛЯ | |
| Текст примечания | Библиогр. в конце ст. |
| 600 #1 - ИМЯ ЛИЦА КАК ПРЕДМЕТ | |
| Начальный элемент ввода | Эрнст |
| Часть имени, кроме начального элемента ввода | Л.К. |
| Даты | 1929 - 2012 |
| Расширение инициалов личного имени | Лев Константинович |
| Системный номер авторитетной/нормативной записи | 1067786 |
| Идентификатор авторитетной/нормативной записи | RU\NLR\AUTH\66415310 |
| 606 1# - НАИМЕНОВАНИЕ ТЕМЫ КАК ПРЕДМЕТ | |
| Наименование темы | Животноводство |
| Формальный подзаголовок | Съезды, совещания и т.п |
| Системный номер авторитетной/нормативной записи | 1041356 |
| Идентификатор авторитетной/нормативной записи | RU\NLR\AUTH\6683124 |
| 610 0# - НЕКОНТРОЛИРУЕМЫЕ ПРЕДМЕТНЫЕ ТЕРМИНЫ | |
| Предметный термин | зоотехническая наука |
| 686 1# - ИНДЕКСЫ ДРУГИХ КЛАССИФИКАЦИЙ | |
| Индекс | П53д(2)Эрнст |
| 686 1# - ИНДЕКСЫ ДРУГИХ КЛАССИФИКАЦИЙ | |
| Индекс | П5я431 |
| 702 #1 - ИМЯ ЛИЦА - ВТОРИЧНАЯ ОТВЕТСТВЕННОСТЬ | |
| Код отношения | Редактор |
| Графика поля | Кириллица |
| Материалы, к которым относится поле | rus |
| Начальный элемент ввода | Сысуев |
| Часть имени, кроме начального элемента ввода | В. А. |
| Даты | 1948- |
| Расширение инициалов личного имени | Василий Алексеевич |
| Системный номер авторитетной/нормативной записи | 70982 |
| Идентификатор авторитетной/нормативной записи | RU\NLR\AUTH\7788054 |
| 711 12 - НАИМЕНОВАНИЕ ОРГАНИЗАЦИИ - АЛЬТЕРНАТИВНАЯ ОТВЕТСТВЕННОСТЬ | |
| Начальный элемент ввода | "Зоотехническая наука в условиях современных вызовов", научно-практическая конференция с международным участием |
| Место проведения временной организации | Киров |
| Дата проведения временной организации | 2015 |
| Системный номер авторитетной/нормативной записи | 480567 |
| Идентификатор авторитетной/нормативной записи | RU\NLR\AUTH\880407148 |
| 852 ## - МЕСТОНАХОЖДЕНИЕ И ШИФР ХРАНЕНИЯ | |
| Идентификатор организации | NLR |
| Шифр хранения (Call Number) | 2015-3/26657 |
| 942 ## - ДОПОЛНИТЕЛЬНЫЕ ЭЛЕМЕНТЫ ЗАПИСИ (АБИС) | |
| Тип экземпляра АБИС | Книга |
| 980 ## - КОЛЛЕКЦИЯ | |
| Название коллекции | НБР |
Нет доступных экземпляров.